| 000 | 01319nam a2200337Ia 4500 | ||
|---|---|---|---|
| 001 | ebr10182203 | ||
| 003 | CaPaEBR | ||
| 006 | m u | ||
| 007 | cr cn||||||||| | ||
| 008 | 060523s2006 ne a sbq 001 0 eng d | ||
| 020 | _z9789053568323 | ||
| 020 | _z905356831X (pbk.) | ||
| 020 | _z9053568328 | ||
| 040 |
_aCaPaEBR _cCaPaEBR |
||
| 035 | _a(OCoLC)70219045 | ||
| 050 | 1 | 4 |
_aPN1995.9.W4 _bV47 2006eb |
| 100 | 1 | _aVerhoeff, Nanna. | |
| 245 | 1 | 4 |
_aThe West in early cinema _h[electronic resource] : _bafter the beginning / _cNanna Verhoeff. |
| 260 |
_aAmsterdam : _bAmsterdam University Press, _c2006. |
||
| 300 |
_a459 p. : _bill. |
||
| 490 | 1 | _aFilm culture in transition | |
| 504 | _aIncludes bibliographical references (p. [427]-453) and index. | ||
| 504 | _aFilmography (p. [415]-425). | ||
| 533 |
_aElectronic reproduction. _bPalo Alto, Calif. : _cebrary, _d2009. _nAvailable via World Wide Web. _nAccess may be limited to ebrary affiliated libraries. |
||
| 650 | 0 |
_aMotion pictures _xHistory. |
|
| 650 | 0 |
_aWestern films _xHistory and criticism. |
|
| 655 | 7 |
_aElectronic books. _2local |
|
| 710 | 2 | _aebrary, Inc. | |
| 830 | 0 | _aFilm culture in transition. | |
| 856 | 4 | 0 |
_uhttp://site.ebrary.com/lib/rucke/Doc?id=10182203 _zAn electronic book accessible through the World Wide Web; click to view |
| 999 |
_c142626 _d142626 |
||